000 00477nam a2200205Ia 4500
003 OSt
005 20140402150108.0
008 140130s9999 xx 000 0 und d
020 _a978054504064
050 _aPZ 7
_b.C11165St 2010
100 _aCabot, Meg
245 _cMeg Cabot.
_aStage Fright /
260 _bScholastic,
_c2010.
_aUSA :
300 _a216 p. :
_bill. ;
_c19 cm.
440 _v1
521 _aG6
526 _c820
942 _cBK
_2lcc
999 _c41194
_d41194